CREDIT CARDS A LEGAL GUIDE (Record no. 10972)

MARC details
000 -LEADER
fixed length control field 00340nam a22001577a 4500
003 - CONTROL NUMBER IDENTIFIER
control field SGT
020 ## - INTERNATIONAL STANDARD BOOK NUMBER
International Standard Book Number 9788175347601
082 ## - DEWEY DECIMAL CLASSIFICATION NUMBER
Classification number 346.730954,MEH
100 ## - MAIN ENTRY--PERSONAL NAME
Personal name MEHTA,RUPA
245 ## - TITLE STATEMENT
Title CREDIT CARDS A LEGAL GUIDE
250 ## - EDITION STATEMENT
Edition statement 2ND
260 ## - PUBLICATION, DISTRIBUTION, ETC. (IMPRINT)
Place of publication, distribution, etc NEW DELHI
Name of publisher, distributor, etc UNIVERSL LAW
Year of Publication 2009
300 ## - PAGE DESCRIPTION
No. of Pages 306
650 ## - SUBJECT ADDED ENTRY--TOPICAL TERM
Topical term or geographic name as entry element PRIVATE LAW
942 ## - ADDED ENTRY ELEMENTS (KOHA)
Source of classification or shelving scheme Dewey Decimal Classification
Koha item type Books
Holdings
Withdrawn status Lost status Source of classification or shelving scheme Damaged status Not for loan Collection code Home library Current library Shelving location Date acquired Vendor Name Cost, normal purchase price SGTU Bill Number Full call number Accession No. (Barcode) Date last seen Bill Date Koha item type Total Checkouts
    Dewey Decimal Classification   Not For Loan LAW SGT Science & Social Sciences Library SGT Science & Social Sciences Library Reference Book 17/02/2017 TECHNICAL BUREA INDIA LIMITED 375.00 SGTU 2002 346.730954,MEH FL1126 17/02/2017 26/09/2015 Books  
    Dewey Decimal Classification     LAW SGT Science & Social Sciences Library SGT Science & Social Sciences Library Text Book 17/02/2017 TECHNICAL BUREA INDIA LIMITED 375.00 SGTU 2002 346.730954,MEH FL1127 17/02/2017 26/09/2015 Books